188 - Né(es) un 7 juillet. - Statistiques

Statistiques générales
  • Ce quiz a été pris 11 fois
  • Le résultat moyen est 4 sur 13
Statistiques - réponses
Hint Année de naissance Réponse % Correct
Actrice française vue dans "The Artist". Film, pour lequel elle est lauréate du César de la meilleure actrice. 1976 Berenice Consuelo Bejo|Bérénice Bejo
80%
Chanteur s'étant fait connaître en participant à l'émission "La Nouvelle Star". Interprète des titres "Paris-Seychelles", "Les Limites" et "Figures imposées". 1982 Julien Doré
80%
Un des "quatre garçons dans le vent". 1940 Richard Starkey|Ringo Starr
60%
Réalisateur italien de "Sciuscià", "Le Voleur de bicyclette", "Miracle à Milan", "Umberto D.", "La ciociara", "Mariage à l'italienne". 1901 Vittorio De Sica
50%
Réalisateur américain connu pour "Indiscrétions", "Une étoile est née" et "My Fair Lady". 1889 George Cukor|George Dewey CukoR
40%
Peintre connu pour avoir exécuté notamment la coupole de l'Opéra Garnier à Paris. 1887 Marc Chagall|Moïche Zakharovitch Chagalov
40%
Compositeur et chef d'orchestre autrichien, connu pour ses symphonies. Sa musique fut bannie sous le Troisième Reich. 1860 Gustav Mahler
20%
Inventeur du métier à tisser mécanique programmable. 1752 Joseph Marie Charles|Joseph Marie Jacquard
20%
Neveu de Napoléon 1er, surnommé "Bo". Père de Charles Joseph Bonaparte, créateur de l'ancêtre du F.B.I. 1805 Jérôme-Napoléon Bonaparte
10%
Philosophe de formation. Ministre de l'Education nationale de 2012 à 2014. 1960 Vincent Peillon
10%
Femme d'affaires présidente et fondatrice d'Image 7. 1954 Anne Méaux
0%
Médecin italien, prix Nobel de physiologie ou médecine de 1906, pour ses travaux sur la structure du système nerveux. 1843 Camillo Golgi
0%
Chanteur italien connu principalement connu pour "L'Italiano". 1943 Salvatore Cutugno|Toto Cutugno
0%
Aucun quiz correspondant
Distribution des résultats
% des personnes avec chaque résultat
Percentile par nombre de réponses
Votre historique - résultats
Vous n’avez pas pris ce quiz